000 00812nam a2200241 i 4500
001 98105
003 ES-MaACL
005 20250727022519.0
007 t|
008 050726s1974 sp ||||1| spa d
100 1 _aMarkus, György.
_976929
245 1 0 _aMarxismo y "antropología" /
_cGyörgy Markus ; texto alemán de A. Vértes-Meller y F. Brody ; traducido al castellano por Manuel Sacristán.
250 _a[1ª ed.].
260 _aBarcelona :
_bGrijalbo,
_c1974.
300 _a86 p. ;
_c19 cm.
490 1 _aHipótesis ;
_v5
600 1 4 _aMarx, Karl,
_d1818-1883
_978590
650 7 _aAntropología filosófica
_2embne
_99891
700 1 _aSacristán, Manuel,
_d1925-1985
_9101268
830 0 _aHipótesis ;
_v5
_9181652
852 _aES-MaACL
_jE-6144
_bR.90469
999 _c98105
_d98105